Statistics for Most Common Last Names in U.S. A to Z

Click here to take the quiz!

General Stats

  • This quiz has been taken 38 times
  • The average score is 17 of 26

Answer Stats

LetterLast Names% Correct
JJohnson/Jones/Jackson/James/Jenkins
100%
SSmith/Scott/Stewart/Sanchez/Sanders
94%
AAnderson/Allen/Adams/Alexander/Arnold
91%
HHarris/Hall/Hernandez/Hill/Howard
91%
WWilliams/Wilson/White/Walker/Wright
88%
GGarcia/Green/Gonzalez/Gray/Gonzales
85%
TTaylor/Thomas/Thompson/Turner/Torres
85%
LLewis/Lee/Lopez/Long/Lane
82%
PPerez/Phillips/Parker/Peterson/Price
82%
MMiller/Moore/Martin/Martinez/Mitchell
79%
BBrown/Baker/Bell/Bailey/Brooks
76%
CClark/Carter/Campbell/Collins/Cook
76%
DDavis/Diaz/Dixon/Daniels/Duncan
74%
EEvans/Edwards/Ellis/Elliott/Erickson
74%
OOwens/Ortiz/Olson/Oliver/O'Brien
71%
YYoung/Yang/Yates/York/Yoder
71%
RRobinson/Rodriguez/Roberts/Rogers/Reed
68%
NNelson/Nichols/Nguyen/Neal/Newman
59%
KKing/Kelly/Kennedy/Knight/Kelley
56%
QQuinn/Quinones/Quiroz/Quezada/Quick
56%
FFlores/Foster/Ford/Fisher/Freeman
41%
ZZimmerman/Zhang/Zamora/Zuniga/Zavala
41%
VVasquez/Valgas/Vazquez/Valdez/Vega
29%
UUnderwood/Urban/Uribe/Ulrich/Unger
26%
IIngram/Ibarra/Irwin/Inman/Ivey
21%
XXiong/Xu/Xochitl/Xenia/Xuan
21%

Score Distribution

Percentile by Number Answered

Percent of People with Each Score

Your Score History

You have not taken this quiz